Microcomputer accounting (Record no. 82901)

MARC details
000 -LEADER
fixed length control field 01448nam a2200289 a 4500
008 - FIXED-LENGTH DATA ELEMENTS--GENERAL INFORMATION
fixed length control field 120416s1999 ||||||||||||||||| || u
020 ## - INTERNATIONAL STANDARD BOOK NUMBER
International Standard Book Number 0028047524
050 ## - LIBRARY OF CONGRESS CALL NUMBER
Classification number HF 5679 And
100 ## - MAIN ENTRY--PERSONAL NAME
Personal name Anders, Gregory E
245 10 - TITLE STATEMENT
Title Microcomputer accounting
246 ## -
-- tutorial and applications for peachtree accounting, release 7.0
250 ## - EDITION STATEMENT
Edition statement 3rd ed.
260 ## - PUBLICATION, DISTRIBUTION, ETC.
Place of publication, distribution, etc. New York
Name of publisher, distributor, etc. McGraw-Hill
Date of publication, distribution, etc. 1999
300 ## - PHYSICAL DESCRIPTION
Extent x, 461p. : ill.
350 ## -
-- 0.00
650 #0 - SUBJECT ADDED ENTRY--TOPICAL TERM
Topical term or geographic name entry element ACCOUNTING--HANDBOOKS, MANUALS, ETC
650 ## - SUBJECT ADDED ENTRY--TOPICAL TERM
Topical term or geographic name entry element PEACHTREE COMPLETE ACCOUNTING
650 ## - SUBJECT ADDED ENTRY--TOPICAL TERM
Topical term or geographic name entry element ACCOUNTING--COMPUTER PROGRAMS
700 ## - ADDED ENTRY--PERSONAL NAME
Personal name Spiegelberg, Emma Jo
700 ## - ADDED ENTRY--PERSONAL NAME
Personal name Nelson, Sally
856 ## - ELECTRONIC LOCATION AND ACCESS
Uniform Resource Identifier http://www.loc.gov/catdir/toc/mh031/99040025.html
856 ## - ELECTRONIC LOCATION AND ACCESS
Uniform Resource Identifier http://www.loc.gov/catdir/description/mh031/99040025.html
995 ## -
-- MAIN LIBRARY OPEN ACCESS
-- 0.00
-- 737238
-- CBU-MAIN LIBRARY (Kitwe)
-- 3
-- 15.00
-- HF 5679 And
-- 3
-- AVAILABLE
-- 41783
-- Main Library Open Access Collection
995 ## -
-- MAIN LIBRARY OPEN ACCESS
-- 0.00
-- 737235
-- CBU-MAIN LIBRARY (Kitwe)
-- 5
-- 15.00
-- HF 5679 And
-- 5
-- AVAILABLE
-- 41785
-- Main Library Open Access Collection
995 ## -
-- MAIN LIBRARY OPEN ACCESS
-- 0.00
-- 737237
-- CBU-MAIN LIBRARY (Kitwe)
-- 1
-- 0.00
-- HF 5679 And
-- AVAILABLE
-- Jun 12, 2006
-- 41784
-- Main Library Open Access Collection
995 ## -
-- MAIN LIBRARY OPEN ACCESS
-- 0.00
-- 737236
-- CBU-MAIN LIBRARY (Kitwe)
-- 6
-- 15.00
-- HF 5679 And
-- 6
-- AVAILABLE
-- 41786
-- Main Library Open Access Collection
999 ## -
-- 82901
-- 82901
Holdings
Withdrawn status Lost status Source of classification or shelving scheme Damaged status Not for loan Permanent Location Current Location Shelving location Date acquired Total Checkouts Full call number Barcode Date last seen Copy number Price effective from Koha item type
          CBU-MAIN LIBRARY, KITWE. CBU-MAIN LIBRARY, KITWE.   09/29/2023   HF 5679 And 41783 09/29/2023 1 09/29/2023 MONOGRAPH
          CBU-MAIN LIBRARY, KITWE. CBU-MAIN LIBRARY, KITWE.   09/29/2023   HF 5679 And 41785 09/29/2023 2 09/29/2023 MONOGRAPH
          CBU-MAIN LIBRARY, KITWE. CBU-MAIN LIBRARY, KITWE.   09/29/2023   HF 5679 And 41784 09/29/2023 3 09/29/2023 MONOGRAPH
          CBU-MAIN LIBRARY, KITWE. CBU-MAIN LIBRARY, KITWE.   09/29/2023   HF 5679 And 41786 09/29/2023 4 09/29/2023 MONOGRAPH